| 000 | 00777nam a22002057a 4500 | ||
|---|---|---|---|
| 005 | 20100811104029.0 | ||
| 010 | _aENG-99601 | ||
| 020 |
_a9789380060668 _c160.00 |
||
| 035 | _aEN-83133 | ||
| 037 | _bDBAD/PUB | ||
| 082 | _a005.1 | ||
| 100 |
_aPraba, K. S. _910561 |
||
| 245 |
_aBasic concept in software engineering / _cby K. S. Praba |
||
| 260 |
_aSalem _bM. S. K. Publications _c2009 |
||
| 270 |
_a3/189-E, Athanoor Amman Kovil St., Masinayaganpatti-Post, Ayyothiyapattinam _bSalem _e636103 |
||
| 300 |
_a107p. _c20cm (pbk) |
||
| 650 |
_aSoftware Engineering _910562 |
||
| 942 |
_2ddc _cEN _h005.1 _mPRA |
||
| 999 |
_c40827 _d40827 |
||